Catálogo - Centro de Recursos para el Aprendizaje y la Investigación

Volver al Sitio - CRAI Biblioteca

Cuentos para atreverse / (Registro nro. 114018)

Detalles MARC
000 -CABECERA
campo de control de longitud fija 01799nam a22003617a 4500
001 - NÚMERO DE CONTROL
campo de control 114018
003 - IDENTIFICADOR DEL NÚMERO DE CONTROL
campo de control DR-UNIBE
005 - FECHA Y HORA DE LA ÚLTIMA TRANSACCIÓN
campo de control 20260526062559.0
008 - DATOS DE LONGITUD FIJA--INFORMACIÓN GENERAL
campo de control de longitud fija 250806b2025 dr ||||| |||| 00| 1 spa d
020 ## - NÚMERO INTERNACIONAL ESTÁNDAR DEL LIBRO
Número Internacional Estándar del Libro 9789945245981
040 ## - FUENTE DE LA CATALOGACIÓN
Centro catalogador/agencia de origen BIBLIOTECA UNIBE
Lengua de catalogación spa
Centro/agencia transcriptor BIBLIOTECA UNIBE
Normas de descripción rda
041 ## - CÓDIGO DE LENGUA
Código de lengua del texto/banda sonora o título independiente spa
090 ## - LOCALMENTE ASIGNADO TIPO-LC NÚMERO DE CLASIFICACIÓN (OCLC); NÚMERO DE CLASIFICACIÓN LOCAL (RLIN)
Número de clasificación (OCLC) (R) ; Numero de clasificación, CALL (RLIN) (NR) FBIU-L-CI-SA236C
100 10 - ENTRADA PRINCIPAL--NOMBRE DE PERSONA
Nombre de persona Santis, Géraldine de,
Fechas asociadas al nombre 1980-
9 (RLIN) 53457
Término indicativo de función/relación autor
245 10 - MENCIÓN DE TÍTULO
Título Cuentos para atreverse /
Mención de responsabilidad, etc. Geraldine de Santis; ilustraciones: Ruddy Núñez ; dirección editorial: Claudia Llibre; dirección de arte y producción: Moisés Kelly Santana ; Subdirección de arte: Lilian Salcedo Fernández; edición: Jorge Luis Zamora; corrección de estilo: Mirtha González Gutiérrez; diagramación: Ana Gómez Otaño; prólogo: Virginia Read Escobal
250 ## - MENCIÓN DE EDICIÓN
Mención de edición Primera edición
260 ## - PUBLICACIÓN, DISTRIBUCIÓN, ETC.
Lugar de publicación, distribución, etc. Santo Domingo:
Nombre del editor, distribuidor, etc. Loqueleo :
-- Santillana,
Fecha de publicación, distribución, etc. 2011
300 ## - DESCRIPCIÓN FÍSICA
Extensión 78 páginas :
Otras características físicas ilustraciones a color ;
Dimensiones 19 x 13 cm
490 ## - MENCIÓN DE SERIE
Mención de serie Serie Morada / Cuento ;
Designación de volumen o secuencia + 8
500 ## - NOTA GENERAL
Nota general Incluye índice, datos del autor al final de la obra y comentario de la misma en la contraportada
653 #7 - TÉRMINO DE INDIZACIÓN--NO CONTROLADO
Término no controlado Cuentos infantiles dominicanos
653 #7 - TÉRMINO DE INDIZACIÓN--NO CONTROLADO
Término no controlado Inclusión - Cuentos infantiles dominicanos
653 #7 - TÉRMINO DE INDIZACIÓN--NO CONTROLADO
Término no controlado Valores - Cuentos infantiles dominicanos
653 #7 - TÉRMINO DE INDIZACIÓN--NO CONTROLADO
Término no controlado Literatura infantil dominicana
700 10 - PUNTO DE ACCESO ADICIONAL--NOMBRE DE PERSONA
Nombre de persona Read Escobal, Virginia,
Fechas asociadas al nombre 1963-
9 (RLIN) 53433
Término indicativo de función/relación prologuista
700 10 - PUNTO DE ACCESO ADICIONAL--NOMBRE DE PERSONA
Nombre de persona Llibre, Claudia
9 (RLIN) 115216
Término indicativo de función/relación director editorial
700 10 - PUNTO DE ACCESO ADICIONAL--NOMBRE DE PERSONA
Nombre de persona Kelly Santana, Moisés
9 (RLIN) 115217
Término indicativo de función/relación director de arte
-- producción
700 10 - PUNTO DE ACCESO ADICIONAL--NOMBRE DE PERSONA
Nombre de persona Salcedo Fernández, Lilian
9 (RLIN) 115218
Término indicativo de función/relación subdirector de arte
700 10 - PUNTO DE ACCESO ADICIONAL--NOMBRE DE PERSONA
Nombre de persona Zamora, Jorge Luis
9 (RLIN) 155167
Término indicativo de función/relación editor
700 #0 - PUNTO DE ACCESO ADICIONAL--NOMBRE DE PERSONA
Nombre de persona González Gutiérrez, Mirtha,
Fechas asociadas al nombre 1959-
Término indicativo de función/relación corrector de estilo
9 (RLIN) 57813
700 10 - PUNTO DE ACCESO ADICIONAL--NOMBRE DE PERSONA
Nombre de persona Gómez Otaño, Ana
9 (RLIN) 115219
Término indicativo de función/relación diagramador
942 ## - ELEMENTOS DE PUNTO DE ACCESO ADICIONAL (KOHA)
Fuente del sistema de clasificación o colocación Sistema de Clasificación Decimal Dewey
Tipo de ítem Koha Libro (general)
Existencias
Estado de retiro Estado de pérdida Fuente del sistema de clasificación o colocación No para préstamo Código de colección Localización permanente Fecha de adquisición Total de préstamos Signatura topográfica completa Código de barras Fecha visto por última vez Número de copia Precio válido a partir de Tipo de ítem Koha
  Disponible Sistema de Clasificación Decimal Dewey No se presta Fondo Bibliográfico IBBY-UNIBE Biblioteca Central UNIBE 10/07/2025   FBIU-L-CI-SA236C FBIU0878 06/08/2025 Ej.1 06/08/2025 Libro (reserva)